Countries With the Most TV's - Statistics

General Stats
  • This quiz has been taken 29 times
  • The average score is 5 of 5
Answer Stats
Number of TV's Country % Correct
219,000,000 United States
100%
400,000,000 China
96%
63,000,000 India
88%
86,500,000 Japan
88%
60,500,000 Russia
80%
No matching quizzes found
Score Distribution
Percent of People with Each Score
Percentile by Number Answered
Your Score History
You have not taken this quiz